Report on the Monetary Development in the Czech Republic for the first Half 1995

Enregistré dans:
Détails bibliographiques
Format: Livre
Langue:anglais
Publié: Praha Czech National Bank 1995
Édition:1. ed.
Sujets:
Tags: Ajouter un tag
Pas de tags, Soyez le premier à ajouter un tag!

MARC

LEADER 00000nam a2200000 4500
001 c012046
005 20221205133510.7
041 0 |a eng 
044 |a CZ 
245 1 0 |a Report on the Monetary Development in the Czech Republic for the first Half 1995 
250 |a 1. ed. 
264 1 |a Praha  |b Czech National Bank  |c 1995 
300 |a 75 s. 
610 2 0 |a vývoj menový 
610 2 0 |a banky emisné 
610 2 0 |a Česko 
610 2 0 |a január-jún 
610 2 0 |a 1995